Faktory ovlivňující kupní chování spotřebitelů a jejich význam pro podniky

Výsledky výskumu správania spotrebiteľov a ich preferencie v tejto oblasti ako i vypracované modely, ktoré vyjadrujú rozhodujúce faktory ovplyvňujúce nákupné správanie spotrebiteľov.

Gespeichert in:
Bibliographische Detailangaben
1. Verfasser: Novotný, Josef
Weitere Verfasser: Duspíva, Pavel
Format: Buchkapitel
Sprache:Tschechisch
Schlagworte:
Tags: Tag hinzufügen
Keine Tags, Fügen Sie das erste Tag hinzu!

MARC

LEADER 00000naa a2200000 4500
001 0185032
005 20231207102625.2
041 0 |a cze 
044 |a CZ 
245 1 0 |a Faktory ovlivňující kupní chování spotřebitelů a jejich význam pro podniky  |c Josef Novotný, Pavel Duspíva 
520 |a Výsledky výskumu správania spotrebiteľov a ich preferencie v tejto oblasti ako i vypracované modely, ktoré vyjadrujú rozhodujúce faktory ovplyvňujúce nákupné správanie spotrebiteľov. 
610 2 0 |a spotrebitelia 
610 2 0 |a správanie spotrebiteľa 
610 2 0 |a rozhodovanie nákupné 
610 2 0 |a politika spotrebiteľská 
610 2 0 |a spokojnosť zákazníkov 
610 2 0 |a prieskum spotrebiteľský 
610 2 0 |a modely spotreby 
100 1 |a Novotný, Josef 
700 1 |a Duspíva, Pavel